The other machine : discourse and reproductive technologies (Record no. 62283)

MARC details
000 -LEADER
fixed length control field 00688nam a2200217Ia 4500
008 - FIXED-LENGTH DATA ELEMENTS--GENERAL INFORMATION
fixed length control field 191130s1996##################000#0#eng##
020 ## - INTERNATIONAL STANDARD BOOK NUMBER
ISBN 9780415912785
082 ## - DEWEY DECIMAL CLASSIFICATION NUMBER
Classification number 362.198178 FAR
100 ## - MAIN ENTRY--AUTHOR NAME
Personal name Farquhar, Dion
245 ## - TITLE STATEMENT
Title The other machine : discourse and reproductive technologies
Statement of responsibility, etc Dion Farquhar
260 ## - PUBLICATION, DISTRIBUTION, ETC. (IMPRINT)
Place of publication New York ; London
Name of publisher Routledge
Year of publication 1996
300 ## - PHYSICAL DESCRIPTION
Number of Pages xii, 258 p. ; 24 cm
500 ## - GENERAL NOTE
General note Includes bibliographical references (p. 235-246) and indexes
650 ## - SUBJECT ADDED ENTRY--TOPICAL TERM
Topical Term Feminism
Topical Term Human reproductive technology - Social aspects
991 ## -
-- 356462
Holdings
Withdrawn status Lost status Damaged status Not for loan Home library Current library Shelving location Date acquired Full call number Accession Number Price effective from Koha item type
        Anna Centenary Library Anna Centenary Library 4TH FLOOR, A WING 09.10.2020 362.198178 FAR 121268 09.10.2020 English Books

Find us on the map